| 000 | 00566nam a2200157Ia 4500 | ||
|---|---|---|---|
| 999 |
_c21934 _d21934 |
||
| 082 | _aRR 0249 | ||
| 100 | _aRajan, S. Irudaya | ||
| 245 | 0 |
_aSurvey of elderly in India : _ba study for assistance in the developmenzt of comprehensive national policies on ageing :life long preparatory measures including social security |
|
| 260 |
_c1994 _bUnited Nations, ESCAP, Bangkok |
||
| 300 | _av.p. | ||
| 650 |
_aAged _vGovernment policy _zIndia |
||
| 700 | _aMishra, U.S. | ||
| 700 | _aSarma, P.S. | ||
| 710 | _aCentre for Development Studies, Trivandrum | ||
| 942 |
_cRP _2ddc |
||